Statistics for Mexico City Metro Stations on a Map

Click here to take the quiz!

General Stats

  • This quiz has been taken 114 times
  • The average score is 92 of 195

Answers on the Map

Answers color-coded by a green-red scale on the quiz's map according to % correct below.
 

Answer Stats

LinesStation% Correct
LINE 2Zócalo/Tenochtitlan
82%
LINE 3Universidad
76%
LINE 1 | LINE 5 | LINE 9 | LINE APantitlán
73%
LINE 1Chapultepec
70%
LINE 7Polanco
68%
LINE 2 | LINE 8Bellas Artes
67%
LINE 3Indios Verdes
67%
LINE 3Juárez
65%
LINE 5 | LINE BOceanía
65%
LINE 2 | LINE 7Tacuba
65%
LINE 1Insurgentes
64%
LINE 1Observatorio
64%
LINE 1 | LINE 7 | LINE 9Tacubaya
64%
LINE BBuenavista
62%
LINE 3Coyoacán
62%
LINE 2 | LINE 3Hidalgo
62%
LINE 12 | LINE 3Zapata
62%
LINE 3 | LINE BGuerrero
61%
LINE 8 | LINE BGaribaldi / Lagunilla
59%
LINE 12 | LINE 7Mixcoac
59%
LINE BTepito
59%
LINE 1 | LINE 3Balderas
58%
LINE 6 | LINE 7El Rosario
58%
LINE 3Niños Héroes / Poder Judicial CDMX
58%
LINE 12Tláhuac
58%
LINE 7Auditorio
56%
LINE 2Cuatro Caminos
56%
LINE 3 | LINE 9Centro Médico
55%
LINE 3Etiopía / Plaza de la Transparencia
55%
LINE 3 | LINE 5La Raza
55%
LINE 2Revolución
55%
LINE 2Tasqueña
55%
LINE 2 | LINE 8 | LINE 9Chabacano
53%
LINE BCiudad Azteca
53%
LINE 12 | LINE 2Ermita
53%
LINE 3Eugenia
53%
LINE 4 | LINE 9Jamaica
53%
LINE BLagunilla
53%
LINE ALa Paz
53%
LINE 4 | LINE 6Martín Carrera
53%
LINE 4 | LINE BMorelos
53%
LINE 1 | LINE 2Pino Suárez
53%
LINE 7San Antonio
53%
LINE 4 | LINE 8Santa Anita
53%
LINE 1Sevilla
53%
LINE 2Allende
52%
LINE 8Constitución de 1917
52%
LINE 1Cuauhtémoc
52%
LINE 3Hospital General
52%
LINE BNezahualcóyotl
52%
LINE 1 | LINE 8Salto del Agua
52%
LINE 1 | LINE BSan Lázaro
52%
LINE 3Viveros / Derechos Humanos
52%
LINE 7Barranca del Muerto
50%
LINE 1 | LINE 4Candelaria
50%
LINE 3Copilco
50%
LINE 3División del Norte
50%
LINE BEcatepec
50%
LINE 2General Anaya
50%
LINE 2Villa de Cortés
50%
LINE 2Xola
50%
LINE 9Chilpancingo
48%
LINE 7Constituyentes
48%
LINE 3 | LINE 6Deportivo 18 de Marzo
48%
LINE 8Doctores
48%
LINE 5Hangares
48%
LINE 1Juanacatlán
48%
LINE 2Nativitas
48%
LINE 9Puebla
48%
LINE 3Tlatelolco
48%
LINE 2Viaducto
48%
LINE 1Zaragoza
48%
LINE 12Insurgentes Sur
47%
LINE 2Normal
47%
LINE 12 | LINE 8Atlalilco
45%
LINE 4 | LINE 5Consulado
45%
LINE 1Isabel la Católica
45%
LINE 8Iztacalco
45%
LINE 8Iztapalapa
45%
LINE 1Merced
45%
LINE 7Camarones
44%
LINE 8Coyuya
44%
LINE 5Misterios
44%
LINE 2Portales
44%
LINE 2San Antonio Abad
44%
LINE 2San Cosme
44%
LINE 5Autobuses del Norte
42%
LINE 12Mexicaltzingo
42%
LINE 12Olivos
42%
LINE 5Politécnico
42%
LINE 5Terminal Aérea
42%
LINE BBosque de Aragón
41%
LINE 12Calle 11
41%
LINE 8La Viga
41%
LINE 9Lázaro Cárdenas
41%
LINE 3Miguel Ángel de Quevedo
41%
LINE 8Obrera
41%
LINE 12Periférico Oriente
41%
LINE 2Popotla
41%
LINE 8San Juan de Letrán
41%
LINE ASanta Marta
41%
LINE 8UAM-I
41%
LINE 9Velódromo
41%
LINE 9Ciudad Deportiva
39%
LINE 2Colegio Militar
39%
LINE 4Fray Servando
39%
LINE 2Panteones
39%
LINE 7San Pedro de los Pinos
39%
LINE 8Aculco
38%
LINE 5Aragón
38%
LINE 12Eje Central
38%
LINE 6Ferrería/Arena Ciudad de México
38%
LINE 12Hospital 20 de Noviembre
38%
LINE 6Lindavista
38%
LINE 6Norte 45
38%
LINE 9Patriotismo
38%
LINE 3Potrero
38%
LINE AAgrícola Oriental
36%
LINE 4Canal del Norte
36%
LINE ACanal de San Juan
36%
LINE 6La Villa-Basílica
36%
LINE 12Parque de los Venados
36%
LINE 7Refinería
36%
LINE 7San Joaquín
36%
LINE BVilla de Aragón
36%
LINE 7Aquiles Serdán
35%
LINE BDeportivo Oceanía
35%
LINE 5 | LINE 6Instituto del Petróleo
35%
LINE 12Nopalera
35%
LINE BRomero Rubio
35%
LINE 4Talismán
35%
LINE 6Vallejo
35%
LINE 12Zapotitlán
35%
LINE 1Boulevard Puerto Aéreo
33%
LINE 8Escuadrón 201
33%
LINE 1Gomez Farías
33%
LINE AGuelatao
33%
LINE 1Moctezuma
33%
LINE BPlaza Aragón
33%
LINE 6Tezozómoc
33%
LINE 12Tlaltenco
33%
LINE 8Apatlaco
32%
LINE 4Bondojito
32%
LINE 8Cerro de la Estrella
32%
LINE 2Cuitláhuac
32%
LINE 12Culhuacán
32%
LINE BImpulsora
32%
LINE 12Lomas Estrella
32%
LINE ALos Reyes
32%
LINE BOlímpica
32%
LINE APeñón Viejo
32%
LINE BRío de los Remedios
32%
LINE ATepalcates
32%
LINE 12Tezonco
32%
LINE AAcatitla
30%
LINE 1Balbuena
30%
LINE 5Eduardo Molina
30%
LINE 9Mixiuhca
30%
LINE BMúzquiz
29%
LINE 5Valle Gómez
29%
LINE BRicardo Flores Magón
27%
LINE 12San Andrés Tomatlán
27%
LINE 6UAM-Azcapotzalco
26%

Score Distribution

Percentile by Number Answered

Percent of People with Each Score

Your Score History

You have not taken this quiz